| 000 | 01093nam a22002177a 4500 | ||
|---|---|---|---|
| 999 |
_c57577 _d57577 |
||
| 003 | Ge_BSU | ||
| 005 | 20200806131218.0 | ||
| 008 | 200806s2010 ge ||||| |||| 00| 0 geo d | ||
| 020 | _a9789941102103 | ||
| 041 | _ageo | ||
| 080 | _a347.23+ 347.44 ძ-65 | ||
| 100 |
_aძლიერიშვილი, ზურაბ. _98152 |
||
| 245 |
_aქონების საკუთრებაში გადაცემის ხელშეკრულებათა სამართლებრივი ბუნება / _c ზურაბ ძლიერიშვილი ; [რედ. მარიამ ცისკაძე]. |
||
| 264 |
_aთბ. : _bმერიდიანი, _c2010. |
||
| 300 |
_a544გვ. ; . _b20სმ |
||
| 504 | _a ბიბლიოგრ. ტექსტ. შენიშვნ. და გვ. 532-539. | ||
| 653 | _a ქონებრივი ხელშეკრულებები | ||
| 653 | _aსამართალი | ||
| 700 |
_aცისკაძე, მარიამ _eრედაქტორი _98143 |
||
| 942 |
_2udc _cBK |
||